000 01091cam a2200205 4500
001 ABS66543
008 030326n2003 000 0 eng u
035 _a(Sirsi) u121753
100 _aRichards, M.
245 _aIn business: ready for the ride
260 _c2003
490 _aBuilding
_v14 March 2003, 48-50(3)
520 _aExamines the advantages and disadvantages of management buyouts. Points out that private buyouts are gaining popularity at the moment with examples including Ward Homes and the Pearce Group. Warns of some of the problems facing those pursuing a buyout, which is often a long and slow process. Gives an example of Managing Director Bob Cole who completed a buyout at specialist contractor Holloway White Allom. It took nearly a year and there are many stages to go through including, agreeing a price and persuading a bank to give equity to finance the buyout. Lists companies who have recently completed buyouts.
590 _aABS
650 _aMANAGEMENT BUY-OUTS
650 _aSTOCK MARKET
650 _aEQUITY
690 _aMANAGEMENT
942 _n0
999 _c72361
_d72361